000 00473nam a2200181Ia 4500
001 2602
003 IN-NITTTR
005 20251114232933.0
008 251113s9999||||xx |||||||||||||| ||eng||
040 _beng
040 _cIN-NITTTR
041 _aeng
082 _a372.35 T425T
100 _aThurber, Walter A.
245 0 _aTeaching science in today's secondary schools. /
_cThurber, Walter A., Collette, Alfred T.
700 _a Collette, Alfred T.
942 _2ddc
_cBK
999 _c4114
_d4114